Preaching to the converted (Record no. 63432)

MARC details
000 -LEADER
fixed length control field 01058cam a2200217 4500
001 - CONTROL NUMBER
control field ABS62205
008 - FIXED-LENGTH DATA ELEMENTS--GENERAL INFORMATION
fixed length control field 000000n2000 000 0 eng u
035 ## - SYSTEM CONTROL NUMBER
System control number (Sirsi) u105935
100 ## - MAIN ENTRY--PERSONAL NAME
Personal name Eade, C.
245 ## - TITLE STATEMENT
Title Preaching to the converted
260 ## - PUBLICATION, DISTRIBUTION, ETC.
Date of publication, distribution, etc. 2000
490 ## - SERIES STATEMENT
Series statement Property Week
Volume/sequential designation 65(16) 20 April 2000, 26-29(2)
520 ## - SUMMARY, ETC.
Summary, etc. Converting office and warehouse property to residential use is adding just 3% to the housing stock. A DETR-commissioned report "Conversion and redevelopment: processes and pitfalls" examines the potential concluding that if large houses were subdivided and commercial buildings were converted to homes 26,500 homes could be created. However there are impediments in the form of a reviving office market, the best buildings have already been converted, the need to include social housing elements in any conversion and a lack of tax breaks.
590 ## - LOCAL NOTE (RLIN)
Local note ABS
650 ## - SUBJECT ADDED ENTRY--TOPICAL TERM
Topical term or geographic name entry element REDUNDANT BUILDINGS
650 ## - SUBJECT ADDED ENTRY--TOPICAL TERM
Topical term or geographic name entry element RESIDENTIAL USE
650 ## - SUBJECT ADDED ENTRY--TOPICAL TERM
Topical term or geographic name entry element FUTURE
650 ## - SUBJECT ADDED ENTRY--TOPICAL TERM
Topical term or geographic name entry element RESEARCH
690 ## - LOCAL SUBJECT ADDED ENTRY--TOPICAL TERM (OCLC, RLIN)
Topical term or geographic name as entry element HOUSING-DEVELOPMENT
942 ## - ADDED ENTRY ELEMENTS (KOHA)
Suppress in OPAC 0
Holdings
Withdrawn status Lost status Source of classification or shelving scheme Damaged status Not for loan Home library Current library Shelving location Date acquired Total Checkouts Full call number Barcode Date last seen Copy number Price effective from Koha item type
    Dewey Decimal Classification     London London Journal article 10/05/2000   ABS62205 105935-1001 06/08/2019 1 06/08/2019 Journal article